[Event "45th FIDE Chess Olympiad Open"]
[Site "Budapest, Hungary"]
[Date "2024.09.21"]
[Round "10"]
[White "Abdyzhapar, Asylbek"]
[Black "Zilka, Stepan"]
[Result "1/2-1/2"]
[Board "79"]
[WhiteFideId "13800337"]
[BlackFideId "315303"]
[WhiteTitle "IM"]
[BlackTitle "GM"]
[WhiteElo "2357"]
[BlackElo "2574"]
[WhiteTeam "Kyrgyzstan"]
[BlackTeam "Czech Republic"]
[WhiteClock "0:10:30"]
[BlackClock "0:05:05"]
[Variant "Standard"]

1. d4 {[%clk 1:30:59]}  d5 {[%clk 1:30:50]} 2. c4 {[%clk 1:31:24]}  e6 {[%clk 1:31:15]} 3. Nc3 {[%clk 1:31:43]}  a6 {[%clk 1:30:48]} 4. cxd5 {[%clk 1:31:39]}  exd5 {[%clk 1:31:11]} 5. Bf4 {[%clk 1:31:57]}  Nf6 {[%clk 1:30:54]} 6. e3 {[%clk 1:31:04]}  Bd6 {[%clk 1:27:38]} 7. Bxd6 {[%clk 1:27:42]}  Qxd6 {[%clk 1:28:00]} 8. Bd3 {[%clk 1:28:06]}  O-O {[%clk 1:27:55]} 9. Nf3 {[%clk 1:25:25]}  Re8 {[%clk 1:26:18]} 10. Qc2 {[%clk 1:24:16]}  Nc6 {[%clk 1:25:57]} 11. a3 {[%clk 1:22:59]}  Bg4 {[%clk 1:25:28]} 12. O-O {[%clk 1:22:47]}  Bxf3 {[%clk 1:24:43]} 13. gxf3 {[%clk 1:23:13]}  Ne7 {[%clk 1:22:06]} 14. Kh1 {[%clk 1:21:32]}  c5 {[%clk 1:20:14]} 15. dxc5 {[%clk 1:18:00]}  Qxc5 {[%clk 1:20:41]} 16. Ne2 {[%clk 1:17:51]}  Qxc2 {[%clk 1:20:11]} 17. Bxc2 {[%clk 1:18:17]}  Nc6 {[%clk 1:19:24]} 18. Rfd1 {[%clk 1:16:37]}  Rac8 {[%clk 1:17:28]} 19. Bf5 {[%clk 1:13:47]}  Rcd8 {[%clk 1:16:52]} 20. Nd4 {[%clk 1:08:04]}  Nxd4 {[%clk 1:15:55]} 21. Rxd4 {[%clk 1:06:16]}  Re5 {[%clk 1:10:29]} 22. Bh3 {[%clk 1:06:24]}  Rh5 {[%clk 1:09:58]} 23. Bf1 {[%clk 1:06:13]}  Rc8 {[%clk 1:09:44]} 24. Rdd1 {[%clk 1:05:50]}  g6 {[%clk 1:05:53]} 25. Rac1 {[%clk 1:01:56]}  Rxc1 {[%clk 1:04:59]} 26. Rxc1 {[%clk 1:00:16]}  d4 {[%clk 1:04:08]} 27. Rc7 {[%clk 0:52:38]}  dxe3 {[%clk 0:51:21]} 28. fxe3 {[%clk 0:50:59]}  b5 {[%clk 0:51:33]} 29. Rc6 {[%clk 0:45:50]}  Nd5 {[%clk 0:51:30]} 30. e4 {[%clk 0:45:04]}  Ne3 {[%clk 0:51:07]} 31. Be2 {[%clk 0:45:22]}  Rg5 {[%clk 0:50:19]} 32. Rc3 {[%clk 0:41:50]}  Ng2 {[%clk 0:50:44]} 33. Bf1 {[%clk 0:35:07]}  Nh4 {[%clk 0:46:09]} 34. Bh3 {[%clk 0:32:32]}  b4 {[%clk 0:36:45]} 35. axb4 {[%clk 0:28:21]}  Rb5 {[%clk 0:37:10]} 36. b3 {[%clk 0:26:23]}  Rxb4 {[%clk 0:37:12]} 37. Kg1 {[%clk 0:25:06]}  f5 {[%clk 0:31:37]} 38. Kf2 {[%clk 0:20:43]}  fxe4 {[%clk 0:29:21]} 39. fxe4 {[%clk 0:19:45]}  Rxe4 {[%clk 0:29:14]} 40. Rc6 {[%clk 0:19:26]}  a5 {[%clk 0:27:08]} 41. Kg3 {[%clk 0:13:32]}  g5 {[%clk 0:21:14]} 42. Rc5 {[%clk 0:11:07]}  Re3+ {[%clk 0:16:08]} 43. Kg4 {[%clk 0:11:29]}  h5+ {[%clk 0:15:59]} 44. Kxh5 {[%clk 0:11:03]}  Rxh3 {[%clk 0:16:22]} 45. Rxg5+ {[%clk 0:10:58]}  Kf7 {[%clk 0:16:23]} 46. Kg4 {[%clk 0:10:09]}  Rxh2 {[%clk 0:15:38]} 47. Rxa5 {[%clk 0:10:31]}  Ng6 {[%clk 0:15:52]} 48. Ra7+ {[%clk 0:10:54]}  Ne7 {[%clk 0:16:17]} 49. Kf4 {[%clk 0:11:06]}  Ke6 {[%clk 0:15:57]} 50. Ke4 {[%clk 0:11:19]}  Kd6 {[%clk 0:15:56]} 51. Kd3 {[%clk 0:11:17]}  Nc6 {[%clk 0:16:14]} 52. Rg7 {[%clk 0:11:34]}  Kd5 {[%clk 0:16:25]} 53. Rg5+ {[%clk 0:11:48]}  Ne5+ {[%clk 0:16:42]} 54. Kc3 {[%clk 0:12:13]}  Rh4 {[%clk 0:16:55]} 55. Rg8 {[%clk 0:12:35]}  Kc5 {[%clk 0:16:44]} 56. Rc8+ {[%clk 0:13:00]}  Nc6 {[%clk 0:17:01]} 57. Rg8 {[%clk 0:13:21]}  Rh3+ {[%clk 0:17:19]} 58. Kb2 {[%clk 0:13:37]}  Nd4 {[%clk 0:16:28]} 59. Rc8+ {[%clk 0:13:50]}  Kb5 {[%clk 0:16:33]} 60. Rb8+ {[%clk 0:14:13]}  Ka5 {[%clk 0:16:53]} 61. Ra8+ {[%clk 0:13:38]}  Kb4 {[%clk 0:17:17]} 62. Ra4+ {[%clk 0:13:24]}  Kc5 {[%clk 0:17:40]} 63. Rc4+ {[%clk 0:13:20]}  Kd5 {[%clk 0:18:05]} 64. Rc3 {[%clk 0:13:43]}  Rh2+ {[%clk 0:18:26]} 65. Kb1 {[%clk 0:14:08]}  Rf2 {[%clk 0:13:28]} 66. b4 {[%clk 0:13:59]}  Ne2 {[%clk 0:12:44]} 67. Rc2 {[%clk 0:13:23]}  Kd4 {[%clk 0:12:52]} 68. Kb2 {[%clk 0:12:49]}  Kd3 {[%clk 0:13:14]} 69. Rc8 {[%clk 0:12:40]}  Nd4+ {[%clk 0:10:46]} 70. Ka3 {[%clk 0:12:44]}  Rf1 {[%clk 0:10:00]} 71. Kb2 {[%clk 0:12:58]}  Rf2+ {[%clk 0:07:46]} 72. Ka3 {[%clk 0:12:18]}  Rf4 {[%clk 0:07:41]} 73. Kb2 {[%clk 0:12:16]}  Nb5 {[%clk 0:04:04]} 74. Kb3 {[%clk 0:12:33]}  Rf1 {[%clk 0:03:10]} 75. Kb2 {[%clk 0:12:25]}  Rf2+ {[%clk 0:03:19]} 76. Kb3 {[%clk 0:12:49]}  Nd4+ {[%clk 0:03:33]} 77. Ka3 {[%clk 0:12:56]}  Rf4 {[%clk 0:03:22]} 78. Kb2 {[%clk 0:12:32]}  Rh4 {[%clk 0:03:35]} 79. Rc3+ {[%clk 0:12:16]}  Ke4 {[%clk 0:03:50]} 80. Rc8 {[%clk 0:12:41]}  Rh3 {[%clk 0:03:26]} 81. Ka2 {[%clk 0:11:47]}  Nb5 {[%clk 0:03:05]} 82. Kb2 {[%clk 0:08:40]}  Kd4 {[%clk 0:03:28]} 83. Rc6 {[%clk 0:07:33]}  Na3 {[%clk 0:03:32]} 84. Rc8 {[%clk 0:07:30]}  Nc4+ {[%clk 0:03:16]} 85. Kb1 {[%clk 0:07:10]}  Rh1+ {[%clk 0:02:17]} 86. Kc2 {[%clk 0:07:01]}  Rh2+ {[%clk 0:01:36]} 87. Kd1 {[%clk 0:05:05]}  Rb2 {[%clk 0:01:54]} 88. Ke1 {[%clk 0:05:17]}  Nd6 {[%clk 0:02:12]} 89. Rd8 {[%clk 0:05:38]}  Ke5 {[%clk 0:02:29]} 90. Rb8 {[%clk 0:05:47]}  Kf4 {[%clk 0:02:51]} 91. b5 {[%clk 0:05:08]}  Ke3 {[%clk 0:02:59]} 92. Kf1 {[%clk 0:05:25]}  Nxb5 {[%clk 0:02:55]} 93. Re8+ {[%clk 0:05:38]}  Kd3 {[%clk 0:03:20]} 94. Rb8 {[%clk 0:05:56]}  Kc4 {[%clk 0:02:45]} 95. Rc8+ {[%clk 0:06:21]}  Kb4 {[%clk 0:03:13]} 96. Re8 {[%clk 0:06:40]}  Kc3 {[%clk 0:02:53]} 97. Rb8 {[%clk 0:06:58]}  Rb4 {[%clk 0:02:31]} 98. Kf2 {[%clk 0:07:20]}  Rf4+ {[%clk 0:02:56]} 99. Kg3 {[%clk 0:07:42]}  Rf5 {[%clk 0:03:21]} 100. Kg4 {[%clk 0:08:06]}  Nd4 {[%clk 0:03:34]} 101. Rd8 {[%clk 0:08:04]}  Rf1 {[%clk 0:03:56]} 102. Kg3 {[%clk 0:08:11]}  Kd3 {[%clk 0:04:15]} 103. Re8 {[%clk 0:08:30]}  Rf6 {[%clk 0:04:25]} 104. Kg4 {[%clk 0:08:50]}  Ne6 {[%clk 0:04:49]} 105. Ra8 {[%clk 0:09:01]}  Ke4 {[%clk 0:05:12]} 106. Ra4+ {[%clk 0:09:24]}  Nd4 {[%clk 0:05:39]} 107. Kg5 {[%clk 0:09:44]}  Rd6 {[%clk 0:05:47]} 108. Ra8 {[%clk 0:09:51]}  Nf3+ {[%clk 0:06:05]} 109. Kh5 {[%clk 0:10:07]}  Ne5 {[%clk 0:06:12]} 110. Ra1 {[%clk 0:09:51]}  Kf4 {[%clk 0:05:54]} 111. Rf1+ {[%clk 0:10:14]}  Nf3 {[%clk 0:06:20]} 112. Ra1 {[%clk 0:10:34]}  Kf5 {[%clk 0:05:28]} 113. Ra5+ {[%clk 0:10:47]}  Ne5 {[%clk 0:05:46]} 114. Kh4 {[%clk 0:10:51]}  Rd3 {[%clk 0:06:01]} 115. Rb5 {[%clk 0:10:32]}  Ra3 {[%clk 0:05:59]} 116. Rc5 {[%clk 0:10:48]}  Kf4 {[%clk 0:06:15]} 117. Rb5 {[%clk 0:10:40]}  Ng6 {[%clk 0:05:33]} 118. Kh5 {[%clk 0:11:05]}  Rg3 {[%clk 0:05:52]} 119. Ra5 {[%clk 0:10:37]}  Rg1 {[%clk 0:05:57]} 120. Ra4+ {[%clk 0:10:43]}  Kf5 {[%clk 0:06:22]} 121. Ra5+ {[%clk 0:10:11]}  Ne5 {[%clk 0:06:45]} 122. Kh4 {[%clk 0:10:30]}  Rh1+ {[%clk 0:05:05]} 1/2-1/2

[Event "45th FIDE Chess Olympiad Open"]
[Site "Budapest, Hungary"]
[Date "2024.09.21"]
[Round "10"]
[White "Vykouk, Jan"]
[Black "Sezdbekov, Ruslan"]
[Result "1-0"]
[Board "80"]
[WhiteFideId "349658"]
[BlackFideId "13801856"]
[WhiteTitle "IM"]
[BlackTitle "FM"]
[WhiteElo "2483"]
[BlackElo "2251"]
[WhiteTeam "Czech Republic"]
[BlackTeam "Kyrgyzstan"]
[WhiteClock "0:05:35"]
[BlackClock "0:03:29"]
[Variant "Standard"]

1. Nf3 {[%clk 1:30:56]}  d5 {[%clk 1:30:44]} 2. e3 {[%clk 1:31:20]}  Nf6 {[%clk 1:31:06]} 3. c4 {[%clk 1:31:45]}  e6 {[%clk 1:31:27]} 4. Nc3 {[%clk 1:31:46]}  Bd6 {[%clk 1:31:40]} 5. b3 {[%clk 1:31:11]}  O-O {[%clk 1:31:48]} 6. Bb2 {[%clk 1:31:27]}  b6 {[%clk 1:32:05]} 7. cxd5 {[%clk 1:31:52]}  exd5 {[%clk 1:32:28]} 8. Rc1 {[%clk 1:25:30]}  a6 {[%clk 1:31:42]} 9. g3 {[%clk 1:25:36]}  Re8 {[%clk 1:30:56]} 10. Bg2 {[%clk 1:25:41]}  Bf5 {[%clk 1:25:06]} 11. d3 {[%clk 1:22:21]}  Qd7 {[%clk 1:20:29]} 12. O-O {[%clk 1:21:22]}  Bg4 {[%clk 1:16:24]} 13. e4 {[%clk 1:12:03]}  d4 {[%clk 1:08:29]} 14. Nd5 {[%clk 1:00:49]}  Nxd5 {[%clk 0:51:49]} 15. exd5 {[%clk 1:01:14]}  a5 {[%clk 0:50:09]} 16. Bxd4 {[%clk 0:59:30]}  Na6 {[%clk 0:49:47]} 17. Qd2 {[%clk 0:58:33]}  f6 {[%clk 0:48:09]} 18. Bc3 {[%clk 0:53:59]}  Bh3 {[%clk 0:46:58]} 19. Bxh3 {[%clk 0:37:28]}  Qxh3 {[%clk 0:47:22]} 20. Nh4 {[%clk 0:37:50]}  Qg4 {[%clk 0:38:25]} 21. Ng2 {[%clk 0:33:46]}  Qf3 {[%clk 0:32:01]} 22. Ne3 {[%clk 0:33:06]}  Nb4 {[%clk 0:31:40]} 23. Bxb4 {[%clk 0:32:04]}  axb4 {[%clk 0:32:00]} 24. Rc2 {[%clk 0:32:05]}  Qh5 {[%clk 0:25:58]} 25. Qd1 {[%clk 0:30:58]}  Qf7 {[%clk 0:26:11]} 26. Qg4 {[%clk 0:29:20]}  h5 {[%clk 0:25:03]} 27. Qf3 {[%clk 0:28:55]}  Ra5 {[%clk 0:21:08]} 28. Rd1 {[%clk 0:28:17]}  g6 {[%clk 0:19:30]} 29. d4 {[%clk 0:26:48]}  f5 {[%clk 0:19:13]} 30. Nc4 {[%clk 0:19:42]}  Rxd5 {[%clk 0:17:33]} 31. Nxd6 {[%clk 0:20:05]}  Rxd6 {[%clk 0:17:45]} 32. Rdc1 {[%clk 0:20:18]}  Re7 {[%clk 0:17:03]} 33. Rc4 {[%clk 0:19:19]}  Red7 {[%clk 0:11:13]} 34. Qf4 {[%clk 0:18:16]}  Re7 {[%clk 0:10:47]} 35. h4 {[%clk 0:14:17]}  Qg7 {[%clk 0:06:19]} 36. Kg2 {[%clk 0:11:56]}  Re4 {[%clk 0:04:29]} 37. Qg5 {[%clk 0:11:14]}  Re7 {[%clk 0:02:17]} 38. Rxb4 {[%clk 0:10:31]}  Qf7 {[%clk 0:02:01]} 39. Qf4 {[%clk 0:04:08]}  Re4 {[%clk 0:02:08]} 40. Qf3 {[%clk 0:03:55]}  Rdxd4 {[%clk 0:01:44]} 41. Rxd4 {[%clk 0:04:04]}  Rxd4 {[%clk 0:02:10]} 42. Qc6 {[%clk 0:01:47]}  Rd7 {[%clk 0:29:55]} 43. Rc4 {[%clk 0:29:47]}  Kg7 {[%clk 0:26:35]} 44. a4 {[%clk 0:28:54]}  Kh6 {[%clk 0:26:50]} 45. b4 {[%clk 0:26:57]}  Rd2 {[%clk 0:25:47]} 46. a5 {[%clk 0:25:53]}  bxa5 {[%clk 0:23:54]} 47. bxa5 {[%clk 0:26:16]}  Qe7 {[%clk 0:12:22]} 48. a6 {[%clk 0:18:30]}  Qe3 {[%clk 0:04:39]} 49. Qf3 {[%clk 0:13:33]}  Qxf3+ {[%clk 0:04:59]} 50. Kxf3 {[%clk 0:13:57]}  Ra2 {[%clk 0:05:17]} 51. Rc6 {[%clk 0:14:22]}  Ra4 {[%clk 0:05:39]} 52. Ke3 {[%clk 0:14:41]}  Ra2 {[%clk 0:05:31]} 53. f4 {[%clk 0:12:25]}  Ra3+ {[%clk 0:05:03]} 54. Kd4 {[%clk 0:12:50]}  Ra5 {[%clk 0:04:37]} 55. Kc4 {[%clk 0:12:45]}  Ra3 {[%clk 0:04:36]} 56. Kd5 {[%clk 0:06:46]}  Rxg3 {[%clk 0:04:29]} 57. Ke6 {[%clk 0:05:31]}  Rf3 {[%clk 0:02:23]} 58. a7 {[%clk 0:04:24]}  Ra3 {[%clk 0:02:38]} 59. Rxc7 {[%clk 0:04:48]}  Ra2 {[%clk 0:02:26]} 60. Kd7 {[%clk 0:05:04]}  g5 {[%clk 0:02:36]} 61. fxg5+ {[%clk 0:04:55]}  Kg6 {[%clk 0:03:00]} 62. Kc8 {[%clk 0:04:59]}  f4 {[%clk 0:03:23]} 63. Kb8 {[%clk 0:05:17]}  f3 {[%clk 0:03:29]} 64. a8=Q {[%clk 0:05:35]} 1-0

[Event "45th FIDE Chess Olympiad Open"]
[Site "Budapest, Hungary"]
[Date "2024.09.21"]
[Round "10"]
[White "Cori, Jorge"]
[Black "Vocaturo, Daniele"]
[Result "1/2-1/2"]
[Board "81"]
[WhiteFideId "3802272"]
[BlackFideId "813192"]
[WhiteTitle "GM"]
[BlackTitle "GM"]
[WhiteElo "2609"]
[BlackElo "2600"]
[WhiteTeam "Peru"]
[BlackTeam "Italy"]
[WhiteClock "0:01:03"]
[BlackClock "0:11:05"]
[Variant "Standard"]

1. c4 {[%clk 1:30:55]}  e6 {[%clk 1:30:24]} 2. Nc3 {[%clk 1:30:59]}  d5 {[%clk 1:29:48]} 3. d4 {[%clk 1:31:22]}  c5 {[%clk 1:29:24]} 4. cxd5 {[%clk 1:31:31]}  exd5 {[%clk 1:29:32]} 5. Nf3 {[%clk 1:31:52]}  Nc6 {[%clk 1:29:21]} 6. g3 {[%clk 1:22:27]}  Nf6 {[%clk 1:28:13]} 7. Bg2 {[%clk 1:22:50]}  Be7 {[%clk 1:26:55]} 8. O-O {[%clk 1:23:02]}  O-O {[%clk 1:27:14]} 9. Bg5 {[%clk 1:22:31]}  c4 {[%clk 1:23:07]} 10. e3 {[%clk 1:20:08]}  Be6 {[%clk 1:17:11]} 11. Ne5 {[%clk 1:07:31]}  h6 {[%clk 1:13:27]} 12. Bxf6 {[%clk 1:05:45]}  Bxf6 {[%clk 1:13:50]} 13. f4 {[%clk 1:06:09]}  Bxe5 {[%clk 1:07:54]} 14. fxe5 {[%clk 0:55:26]}  b5 {[%clk 1:07:09]} 15. a3 {[%clk 0:43:57]}  Rb8 {[%clk 0:54:30]} 16. e4 {[%clk 0:40:43]}  Ne7 {[%clk 0:49:03]} 17. exd5 {[%clk 0:40:50]}  Nxd5 {[%clk 0:49:18]} 18. Qf3 {[%clk 0:39:27]}  Nxc3 {[%clk 0:49:22]} 19. bxc3 {[%clk 0:39:26]}  Qb6 {[%clk 0:49:36]} 20. Rab1 {[%clk 0:26:36]}  f6 {[%clk 0:42:34]} 21. Qe3 {[%clk 0:25:25]}  fxe5 {[%clk 0:42:22]} 22. Qxe5 {[%clk 0:25:29]}  Rxf1+ {[%clk 0:35:55]} 23. Rxf1 {[%clk 0:25:52]}  Rf8 {[%clk 0:35:55]} 24. Rxf8+ {[%clk 0:21:55]}  Kxf8 {[%clk 0:36:17]} 25. Kf2 {[%clk 0:19:13]}  Kf7 {[%clk 0:31:50]} 26. Ke3 {[%clk 0:16:32]}  Bd7 {[%clk 0:24:41]} 27. Bd5+ {[%clk 0:13:53]}  Kf8 {[%clk 0:24:09]} 28. Be4 {[%clk 0:14:18]}  Qf6 {[%clk 0:19:10]} 29. h4 {[%clk 0:10:44]}  a6 {[%clk 0:13:46]} 30. Qc5+ {[%clk 0:05:33]}  Ke8 {[%clk 0:13:43]} 31. Qd5 {[%clk 0:02:50]}  Ke7 {[%clk 0:13:17]} 32. Qe5+ {[%clk 0:03:15]}  Kd8 {[%clk 0:13:33]} 33. Qb8+ {[%clk 0:02:32]}  Ke7 {[%clk 0:13:55]} 34. Qc7 {[%clk 0:01:52]}  Ke8 {[%clk 0:11:18]} 35. Qe5+ {[%clk 0:01:34]}  Kd8 {[%clk 0:11:39]} 36. Bf3 {[%clk 0:00:59]}  Qe7 {[%clk 0:10:23]} 37. Qxe7+ {[%clk 0:00:39]}  Kxe7 {[%clk 0:10:49]} 38. Be4 {[%clk 0:01:03]}  Kd6 {[%clk 0:11:05]} 1/2-1/2

[Event "45th FIDE Chess Olympiad Open"]
[Site "Budapest, Hungary"]
[Date "2024.09.21"]
[Round "10"]
[White "Lodici, Lorenzo"]
[Black "Leiva, Gianmarco"]
[Result "1-0"]
[Board "82"]
[WhiteFideId "884189"]
[BlackFideId "3804399"]
[WhiteTitle "GM"]
[BlackTitle "IM"]
[WhiteElo "2556"]
[BlackElo "2389"]
[WhiteTeam "Italy"]
[BlackTeam "Peru"]
[WhiteClock "0:06:54"]
[BlackClock "0:01:08"]
[Variant "Standard"]

1. d4 {[%clk 1:30:55]}  Nf6 {[%clk 1:30:54]} 2. c4 {[%clk 1:31:21]}  e6 {[%clk 1:31:20]} 3. g3 {[%clk 1:31:42]}  Bb4+ {[%clk 1:22:34]} 4. Bd2 {[%clk 1:30:33]}  Be7 {[%clk 1:21:38]} 5. Bg2 {[%clk 1:29:36]}  d5 {[%clk 1:21:55]} 6. Nf3 {[%clk 1:30:01]}  O-O {[%clk 1:22:20]} 7. O-O {[%clk 1:30:27]}  Nbd7 {[%clk 1:22:38]} 8. b4 {[%clk 1:25:05]}  dxc4 {[%clk 1:09:06]} 9. Qc2 {[%clk 1:19:13]}  a6 {[%clk 1:08:19]} 10. a4 {[%clk 1:15:32]}  Rb8 {[%clk 1:05:44]} 11. b5 {[%clk 1:09:21]}  c5 {[%clk 1:00:07]} 12. dxc5 {[%clk 1:00:31]}  Bxc5 {[%clk 0:56:56]} 13. Na3 {[%clk 0:53:58]}  axb5 {[%clk 0:52:07]} 14. Nxb5 {[%clk 0:50:33]}  Qe7 {[%clk 0:46:14]} 15. Nfd4 {[%clk 0:44:26]}  Nb6 {[%clk 0:39:35]} 16. a5 {[%clk 0:41:29]}  Nbd5 {[%clk 0:35:14]} 17. Qxc4 {[%clk 0:32:04]}  Bd7 {[%clk 0:32:56]} 18. e4 {[%clk 0:30:43]}  Rfc8 {[%clk 0:33:15]} 19. exd5 {[%clk 0:30:06]}  Bxb5 {[%clk 0:22:06]} 20. Qxb5 {[%clk 0:30:29]}  Bxd4 {[%clk 0:22:30]} 21. Rab1 {[%clk 0:16:52]}  Nxd5 {[%clk 0:15:00]} 22. a6 {[%clk 0:17:14]}  b6 {[%clk 0:14:42]} 23. Bxd5 {[%clk 0:16:14]}  exd5 {[%clk 0:14:44]} 24. Qxd5 {[%clk 0:16:16]}  Bc5 {[%clk 0:09:35]} 25. Bf4 {[%clk 0:13:58]}  Rd8 {[%clk 0:05:17]} 26. Rfe1 {[%clk 0:05:37]}  Rxd5 {[%clk 0:04:45]} 27. Rxe7 {[%clk 0:06:05]}  Ra8 {[%clk 0:05:11]} 28. Rb7 {[%clk 0:05:00]}  Rxa6 {[%clk 0:04:45]} 29. Rb8+ {[%clk 0:04:39]}  Bf8 {[%clk 0:05:11]} 30. Re1 {[%clk 0:04:32]}  g5 {[%clk 0:05:21]} 31. Be5 {[%clk 0:04:52]}  f6 {[%clk 0:02:41]} 32. Bc3 {[%clk 0:03:24]}  Kf7 {[%clk 0:02:41]} 33. Rb7+ {[%clk 0:03:53]}  Kg6 {[%clk 0:02:39]} 34. Re8 {[%clk 0:02:05]}  Ra3 {[%clk 0:00:56]} 35. Bxf6 {[%clk 0:01:48]}  Bc5 {[%clk 0:00:53]} 36. Bb2 {[%clk 0:01:21]}  Rf3 {[%clk 0:00:33]} 37. Re6+ {[%clk 0:00:33]}  Kf5 {[%clk 0:00:51]} 38. Re2 {[%clk 0:00:49]}  h5 {[%clk 0:00:34]} 39. Kg2 {[%clk 0:00:33]}  g4 {[%clk 0:00:31]} 40. h4 {[%clk 0:00:32]}  Bd4 {[%clk 0:00:33]} 41. Rd2 {[%clk 0:25:49]}  Rxf2+ {[%clk 0:11:46]} 42. Rxf2+ {[%clk 0:26:09]}  Bxf2 {[%clk 0:12:12]} 43. Rf7+ {[%clk 0:26:36]}  Ke4 {[%clk 0:12:38]} 44. Rxf2 {[%clk 0:27:00]}  b5 {[%clk 0:12:57]} 45. Ba3 {[%clk 0:23:02]}  Rd3 {[%clk 0:11:29]} 46. Bf8 {[%clk 0:23:11]}  Rb3 {[%clk 0:08:02]} 47. Rf4+ {[%clk 0:21:24]}  Kd3 {[%clk 0:08:10]} 48. Bb4 {[%clk 0:18:16]}  Rb1 {[%clk 0:03:50]} 49. Kf2 {[%clk 0:17:49]}  Rc1 {[%clk 0:03:16]} 50. Rf5 {[%clk 0:14:10]}  Rb1 {[%clk 0:03:24]} 51. Rf4 {[%clk 0:10:01]}  Rh1 {[%clk 0:00:53]} 52. Be1 {[%clk 0:09:38]}  Rh2+ {[%clk 0:01:16]} 53. Kg1 {[%clk 0:10:06]}  Rb2 {[%clk 0:01:38]} 54. Kf1 {[%clk 0:06:57]}  Rc2 {[%clk 0:00:31]} 55. Rf5 {[%clk 0:06:42]}  Rb2 {[%clk 0:00:32]} 56. Rxh5 {[%clk 0:06:10]}  b4 {[%clk 0:00:57]} 57. Rb5 {[%clk 0:06:34]}  b3 {[%clk 0:01:08]} 58. h5 {[%clk 0:06:54]} 1-0

[Event "45th FIDE Chess Olympiad Open"]
[Site "Budapest, Hungary"]
[Date "2024.09.21"]
[Round "10"]
[White "Flores Quillas, Diego Saul Rodri"]
[Black "Moroni, Luca Jr"]
[Result "0-1"]
[Board "83"]
[WhiteFideId "3822508"]
[BlackFideId "865834"]
[WhiteTitle "IM"]
[BlackTitle "GM"]
[WhiteElo "2451"]
[BlackElo "2558"]
[WhiteTeam "Peru"]
[BlackTeam "Italy"]
[WhiteClock "0:01:25"]
[BlackClock "0:00:54"]
[Variant "Standard"]

1. e4 {[%clk 1:30:58]}  g6 {[%clk 1:30:56]} 2. d4 {[%clk 1:31:25]}  Bg7 {[%clk 1:31:23]} 3. Nc3 {[%clk 1:31:52]}  c6 {[%clk 1:31:32]} 4. f4 {[%clk 1:32:15]}  Qb6 {[%clk 1:31:58]} 5. Nf3 {[%clk 1:26:42]}  d5 {[%clk 1:28:39]} 6. e5 {[%clk 1:27:00]}  Bg4 {[%clk 1:26:55]} 7. Be2 {[%clk 1:25:09]}  h5 {[%clk 1:25:40]} 8. h3 {[%clk 1:16:27]}  Bxf3 {[%clk 1:22:18]} 9. Bxf3 {[%clk 1:16:53]}  h4 {[%clk 1:21:59]} 10. O-O {[%clk 1:11:48]}  Nd7 {[%clk 1:14:01]} 11. b3 {[%clk 1:10:13]}  e6 {[%clk 1:11:29]} 12. Ne2 {[%clk 0:56:21]}  Nh6 {[%clk 1:09:07]} 13. Be3 {[%clk 0:54:41]}  Nf5 {[%clk 1:07:46]} 14. Bf2 {[%clk 0:55:07]}  a5 {[%clk 1:06:34]} 15. c4 {[%clk 0:51:17]}  Bf8 {[%clk 1:01:02]} 16. c5 {[%clk 0:43:19]}  Qc7 {[%clk 1:00:38]} 17. Qd2 {[%clk 0:38:11]}  b6 {[%clk 0:54:21]} 18. cxb6 {[%clk 0:38:02]}  Qxb6 {[%clk 0:54:20]} 19. Nc3 {[%clk 0:35:22]}  Ba3 {[%clk 0:51:10]} 20. Na4 {[%clk 0:32:53]}  Qa7 {[%clk 0:48:15]} 21. Kh2 {[%clk 0:20:28]}  Kf8 {[%clk 0:41:28]} 22. Bg4 {[%clk 0:16:24]}  Kg7 {[%clk 0:38:24]} 23. Rfd1 {[%clk 0:08:08]}  Qc7 {[%clk 0:32:51]} 24. Qc2 {[%clk 0:03:59]}  Rac8 {[%clk 0:29:11]} 25. Rd3 {[%clk 0:04:02]}  Rh6 {[%clk 0:24:30]} 26. Rc3 {[%clk 0:02:39]}  f6 {[%clk 0:23:12]} 27. Qe2 {[%clk 0:02:24]}  Rf8 {[%clk 0:21:42]} 28. Kh1 {[%clk 0:01:46]}  fxe5 {[%clk 0:20:14]} 29. fxe5 {[%clk 0:02:13]}  Rhh8 {[%clk 0:18:22]} 30. Rd1 {[%clk 0:01:53]}  Rf7 {[%clk 0:18:00]} 31. Kg1 {[%clk 0:01:36]}  Qb7 {[%clk 0:15:35]} 32. Rc2 {[%clk 0:01:42]}  Be7 {[%clk 0:14:46]} 33. Rd3 {[%clk 0:01:44]}  Rhf8 {[%clk 0:14:21]} 34. Rf3 {[%clk 0:01:02]}  Bg5 {[%clk 0:12:51]} 35. Rfc3 {[%clk 0:00:36]}  Qb4 {[%clk 0:11:56]} 36. Rd3 {[%clk 0:00:34]}  Ng3 {[%clk 0:10:47]} 37. Bxg3 {[%clk 0:01:03]}  hxg3 {[%clk 0:11:12]} 38. Bf3 {[%clk 0:01:23]}  Rf4 {[%clk 0:10:54]} 39. Kf1 {[%clk 0:00:31]}  Qb5 {[%clk 0:06:46]} 40. Nc3 {[%clk 0:00:34]}  Qb4 {[%clk 0:06:06]} 41. Na4 {[%clk 0:23:40]}  Qb5 {[%clk 0:24:52]} 42. Kg1 {[%clk 0:18:55]}  R8f5 {[%clk 0:16:40]} 43. Kh1 {[%clk 0:10:48]}  Qb4 {[%clk 0:06:23]} 44. Qd1 {[%clk 0:10:33]}  Qb5 {[%clk 0:03:39]} 45. Nc3 {[%clk 0:10:43]}  Qb6 {[%clk 0:03:19]} 46. Ne2 {[%clk 0:10:51]}  Rh4 {[%clk 0:03:04]} 47. Nxg3 {[%clk 0:10:49]}  Rf7 {[%clk 0:03:32]} 48. Bg4 {[%clk 0:08:00]}  c5 {[%clk 0:04:01]} 49. dxc5 {[%clk 0:08:24]}  Nxc5 {[%clk 0:03:23]} 50. Rf3 {[%clk 0:04:59]}  Rxf3 {[%clk 0:01:47]} 51. Qxf3 {[%clk 0:05:22]}  Rh8 {[%clk 0:02:12]} 52. Qf2 {[%clk 0:03:18]}  Be7 {[%clk 0:02:29]} 53. Qe3 {[%clk 0:03:10]}  Qb4 {[%clk 0:02:51]} 54. Bf3 {[%clk 0:03:02]}  d4 {[%clk 0:03:04]} 55. Qc1 {[%clk 0:02:47]}  Nd3 {[%clk 0:02:21]} 56. Qd1 {[%clk 0:03:00]}  Nxe5 {[%clk 0:02:39]} 57. Rc7 {[%clk 0:02:15]}  Rf8 {[%clk 0:02:25]} 58. Qe2 {[%clk 0:01:53]}  Nxf3 {[%clk 0:02:06]} 59. Qxe6 {[%clk 0:02:16]}  Rf7 {[%clk 0:01:09]} 60. gxf3 {[%clk 0:02:32]}  d3 {[%clk 0:01:26]} 61. Rd7 {[%clk 0:02:13]}  Qf4 {[%clk 0:01:44]} 62. Qg4 {[%clk 0:01:41]}  Qc1+ {[%clk 0:01:25]} 63. Kg2 {[%clk 0:02:09]}  Qd2+ {[%clk 0:01:46]} 64. Kh1 {[%clk 0:02:24]}  Qe1+ {[%clk 0:01:58]} 65. Kg2 {[%clk 0:02:49]}  Qd2+ {[%clk 0:02:09]} 66. Kh1 {[%clk 0:03:16]}  Qc1+ {[%clk 0:02:18]} 67. Kg2 {[%clk 0:03:38]}  Qc2+ {[%clk 0:02:42]} 68. Kh1 {[%clk 0:04:04]}  Qb1+ {[%clk 0:03:08]} 69. Kg2 {[%clk 0:04:23]}  Qxa2+ {[%clk 0:03:34]} 70. Kh1 {[%clk 0:04:52]}  Qa1+ {[%clk 0:03:57]} 71. Kg2 {[%clk 0:05:20]}  Qb2+ {[%clk 0:04:22]} 72. Kh1 {[%clk 0:05:48]}  Qc1+ {[%clk 0:03:15]} 73. Kg2 {[%clk 0:06:17]}  Qb2+ {[%clk 0:03:41]} 74. Kh1 {[%clk 0:06:45]}  d2 {[%clk 0:03:37]} 75. f4 {[%clk 0:04:00]}  Qc2 {[%clk 0:02:02]} 76. h4 {[%clk 0:00:59]}  Bxh4 {[%clk 0:01:15]} 77. Nh5+ {[%clk 0:00:56]}  Kh6 {[%clk 0:00:58]} 78. Rd6 {[%clk 0:01:25]}  Re7 {[%clk 0:00:54]} 0-1